Rdr2 miejsca - Statystyki

Ogólne statystyki
  • Ten quiz został rozwiązany 12 razy
  • Średni wynik to 6 z 15
Statystyki odpowiedzi
Hint Odpowiedź % Poprawnych
Miasteczko górnicze w roanoke ridge Annesburg
90%
Miasteczko na pustyni, z cholerą Armadillo
80%
Największe miasto Saint denis
60%
Klasyczne westernowe miasteczko Valentine
50%
Opuszczone miasteczko górnicze Colter
40%
Wioska na bagnach, jest tam sklep z przynętami Lagras
40%
Miasteczko połozone w lesie, mega bezpieczne Strawberry
40%
Miasteczko bez szeryfa, ale z latarnią Van Horn
40%
Miejsce obozu Micah w epilogu Mount Hagen
30%
Położone w Scarlett meadows Rhodes
30%
Miasteczko gdzie rządzi szeryf Freeman Tumbleweed
30%
Znajduje się tam plemię indian Wapiti
30%
Osada z osobami skażonymi pobliską rzeką Butcher creek
20%
Mieszka tam Seamus Emerald Ranch
20%
Jedyny aktywny fort wojskowy Fort wallace
20%
Nie znaleziono quizów pasujących do podanych kryteriów
Rozkład punktacji
Procent ludzi z każdym wynikiem
Percentyl według liczby udzielonych odpowiedzi
Twoja historia wyników
Nie rozwiązałeś tego quizu